[Event "TUR-ch"]
[Site "Antalya"]
[Date "2013.02.03"]
[Round "2"]
[White "Deviren, Erdi"]
[Black "Araboga, Mesut"]
[Result "1-0"]
[WhiteElo "1956"]
[BlackElo "1778"]
[PlyCount "97"]
[EventDate "2013.02.02"]
[EventType "swiss"]
[EventRounds "11"]
[EventCountry "TUR"]
[SourceTitle "CBM 152 Extra"]
[Source "ChessBase"]
[SourceDate "2013.02.25"]
[SourceVersion "1"]
[SourceVersionDate "2013.02.25"]
[SourceQuality "1"]

1. e4 e5 2. Nf3 Nc6 3. c3 Nf6 4. d4 exd4 5. e5 Nd5 6. Qb3 Nb6 7. cxd4 d5 8. Bb5 Be7 9. Be3 Be6 10. Nbd2 0-0 11. Bxc6 bxc6 12. Rc1 Rb8 13. Qc2 Bd7 14. 0-0 a5 15. Ne1 Bb4 16. f4 Bxd2 17. Bxd2 Nc4 18. b3 Bf5 19. Qxf5 Nxd2 20. Rf2 Ne4 21. Rfc2 c5 22. dxc5 c6 23. Nd3 g6 24. Qg4 h5 25. Qf3 f5 26. exf6 Qxf6 27. Ne5 Rb7 28. Qh3 Re7 29. Nd3 Qd4+ 30. Kh1 Rf5 31. Qf3 Nf6 32. Rd1 Re3 33. Qf1 Qe4 34. Rf2 Ng4 35. Rf3 Kg7 36. h3 Nf6 37. Rxe3 Qxe3 38. Qe1 Qe4 39. Qxe4 Nxe4 40. Kg1 h4 41. a3 Nc3 42. Re1 Ne4 43. b4 axb4 44. axb4 Rf7 45. Ne5 Rc7 46. Ra1 Ng3 47. Ra6 Ne2+ 48. Kf2 Nxf4 49. Nxc6 1-0

[Event "TUR-ch"]
[Site "Kemer"]
[Date "2012.02.01"]
[Round "6"]
[White "Ersahin, Bulent"]
[Black "Deviren, Erdi"]
[Result "1-0"]
[WhiteElo "2167"]
[BlackElo "1906"]
[PlyCount "45"]
[EventDate "2012.01.29"]
[EventType "swiss"]
[EventRounds "10"]
[EventCountry "TUR"]
[SourceTitle "CBM 146 Extra"]
[Source "ChessBase"]
[SourceDate "2012.02.29"]
[SourceVersion "1"]
[SourceVersionDate "2012.02.29"]
[SourceQuality "1"]

1. d4 Nf6 2. c4 c5 3. d5 b5 4. cxb5 a6 5. b6 Qxb6 6. Nc3 g6 7. Nf3 Bg7 8. e4 d6 9. Nd2 Nbd7 10. Nc4 Qc7 11. a4 0-0 12. a5 Ne8 13. Be2 Ne5 14. Nb6 Rb8 15. 0-0 h5 16. Bg5 Nf6 17. Qc2 Re8 18. Nca4 Nfd7 19. b4 Ng4 20. Rad1 Ngf6 21. Rb1 Bb7 22. Rfc1 e6 23. Bf4 1-0

[Event "TUR-chT"]
[Site "Konya"]
[Date "2011.07.09"]
[Round "13"]
[White "Ersoz, Bartu"]
[Black "Deviren, Erdi"]
[Result "1-0"]
[WhiteElo "1789"]
[BlackElo "1927"]
[PlyCount "85"]
[EventDate "2011.06.28"]
[EventType "team-swiss"]
[EventRounds "13"]
[EventCountry "TUR"]
[SourceTitle "CBM 143 Extra"]
[Source "ChessBase"]
[SourceDate "2011.08.29"]
[SourceVersion "1"]
[SourceVersionDate "2011.08.29"]
[SourceQuality "1"]
[WhiteTeam "Istanbul Teknik Uni"]
[BlackTeam "Yesilkoy"]
[WhiteTeamCountry "TUR"]
[BlackTeamCountry "TUR"]

1. e4 d5 2. exd5 Nf6 3. d4 Bg4 4. Be2 Bxe2 5. Nxe2 Qxd5 6. 0-0 e6 7. c3 Be7 8. Nd2 c5 9. Nf3 Nc6 10. h3 0-0 11. Be3 cxd4 12. Nexd4 Rfd8 13. Qe2 Nxd4 14. Bxd4 a6 15. Rfd1 Qh5 16. Rd2 Nd5 17. Rad1 b5 18. Be5 Rac8 19. a4 bxa4 20. Qxa6 Ra8 21. Qb7 Bg5 22. Rd4 f6 23. Bc7 Rdc8 24. Rxa4 Nxc7 25. Rxa8 Rxa8 26. Qxc7 e5 27. Rd8+ Rxd8 28. Qxd8+ Kf7 29. Qd7+ Kf8 30. b4 Bf4 31. Qd6+ Kf7 32. Qd5+ Kf8 33. g3 Qg6 34. b5 Bxg3 35. fxg3 e4 36. Qd8+ Kf7 37. Qd7+ Kf8 38. Qg4 Qe8 39. Nd4 e3 40. Qe6 Qa8 41. Qd6+ Kg8 42. Qa6 Qe4 43. Qe6+ 1-0

[Event "TUR-chT"]
[Site "Konya"]
[Date "2011.07.08"]
[Round "12"]
[White "Deviren, Erdi"]
[Black "Coban, Mustafa Mert"]
[Result "1-0"]
[WhiteElo "1927"]
[BlackElo "1580"]
[PlyCount "169"]
[EventDate "2011.06.28"]
[EventType "team-swiss"]
[EventRounds "13"]
[EventCountry "TUR"]
[SourceTitle "CBM 143 Extra"]
[Source "ChessBase"]
[SourceDate "2011.08.29"]
[SourceVersion "1"]
[SourceVersionDate "2011.08.29"]
[SourceQuality "1"]
[WhiteTeam "Yesilkoy"]
[BlackTeam "Adana Truva"]
[WhiteTeamCountry "TUR"]
[BlackTeamCountry "TUR"]

1. e4 c5 2. Nf3 d6 3. Bb5+ Bd7 4. Bxd7+ Qxd7 5. c4 e5 6. 0-0 g6 7. d3 Bg7 8. Nc3 Ne7 9. Ne1 Nbc6 10. Nc2 0-0 11. a3 f5 12. b4 f4 13. f3 g5 14. Rb1 h5 15. a4 Kf7 16. Ba3 b6 17. Rb2 Rh8 18. Nd5 Rag8 19. Qe2 Bf6 20. a5 Nxd5 21. cxd5 Nd8 22. bxc5 bxc5 23. Rfb1 g4 24. a6 Be7 25. Ne1 h4 26. fxg4 Rxg4 27. Qf3 Rhg8 28. Rc2 Qa4 29. Bb2 Qxa6 30. Ra1 Qb7 31. Bc3 Qc8 32. Rxa7 h3 33. Raa2 Bh4 34. Kf1 R4g5 35. Rcb2 Bg3 36. Kg1 Rh8 37. hxg3 Rxg3 38. Qf1 hxg2 39. Rxg2 Qh3 40. Rxg3 Qh1+ 41. Kf2 fxg3+ 42. Ke2+ Qxf1+ 43. Kxf1 Rh1+ 44. Kg2 Rh2+ 45. Kxg3 Rxa2 46. Kf3 Ra3 47. Bd2 c4 48. Bb4 Rb3 49. Bxd6 cxd3 50. Ke3 Kf6 51. Nxd3 Nb7 52. Bxe5+ Ke7 53. Bd4 Nd6 54. Bc5 Kd7 55. Kd4 Nb5+ 56. Kc4 Rc3+ 57. Kxb5 Rxd3 58. Kc4 Rd1 59. e5 Re1 60. Bd4 Rc1+ 61. Kd3 Rd1+ 62. Ke4 Re1+ 63. Be3 Ke7 64. Kd3 Rd1+ 65. Bd2 Rb1 66. Bf4 Rd1+ 67. Ke4 Re1+ 68. Kf5 Rf1 69. d6+ Kd7 70. e6+ Kd8 71. Kg5 Re1 72. Kf5 Rf1 73. Kg4 Rd1 74. Kh5 Ke8 75. Kg6 Rg1+ 76. Kf5 Rf1 77. Ke5 Rd1 78. Bg5 Rd3 79. Bf4 Rd1 80. Be3 Re1 81. Kd4 Rd1+ 82. Kc5 Kf8 83. Bg5 Rg1 84. d7 Rxg5+ 85. Kd6 1-0

[Event "TUR-chT"]
[Site "Konya"]
[Date "2011.07.04"]
[Round "7"]
[White "Deviren, Erdi"]
[Black "Uzun, Sarp"]
[Result "0-1"]
[WhiteElo "1927"]
[BlackElo "1967"]
[PlyCount "132"]
[EventDate "2011.06.28"]
[EventType "team-swiss"]
[EventRounds "13"]
[EventCountry "TUR"]
[SourceTitle "CBM 143 Extra"]
[Source "ChessBase"]
[SourceDate "2011.08.29"]
[SourceVersion "1"]
[SourceVersionDate "2011.08.29"]
[SourceQuality "1"]
[WhiteTeam "Yesilkoy"]
[BlackTeam "Tarsus Zeka"]
[WhiteTeamCountry "TUR"]
[BlackTeamCountry "TUR"]

1. e4 c5 2. Nf3 d6 3. Bb5+ Nd7 4. d4 Ngf6 5. 0-0 a6 6. Bxd7+ Nxd7 7. c4 cxd4 8. Nxd4 e6 9. Nc3 Be7 10. Be3 0-0 11. Rc1 Ne5 12. b3 Bd7 13. a4 Nc6 14. Qd2 Rb8 15. Rfd1 Re8 16. h3 Bf8 17. f4 h6 18. Qf2 Nxd4 19. Rxd4 b5 20. axb5 axb5 21. Rcd1 bxc4 22. bxc4 Qa5 23. Qc2 Rec8 24. Kh1 Rb4 25. Ne2 Qc7 26. Rc1 Rcb8 27. Bd2 Rb2 28. Qd3 Bc6 29. Bc3 R2b3 30. Qc2 Qb7 31. Ng3 g6 32. Rdd1 Bg7 33. e5 dxe5 34. fxe5 Qc7 35. Re1 Ba4 36. Qe2 Bc6 37. Qc2 Qb7 38. Red1 h5 39. Re1 Bh6 40. Rcd1 Bxg2+ 41. Qxg2 Qxg2+ 42. Kxg2 Rxc3 43. Re2 Rxc4 44. Ne4 Bg7 45. Nd6 Rc7 46. Rf1 Rf8 47. Rf3 Rd7 48. Nc4 Rd5 49. Nb6 Rb5 50. Nc4 Rc5 51. Nb6 Rd8 52. Ref2 Rc7 53. Re2 Rb8 54. Na4 Rb5 55. Rfe3 Ra5 56. Nb2 Rcc5 57. Nd3 Rc3 58. Kf3 Bh6 59. Nf4 Rxe3+ 60. Rxe3 Ra4 61. Re4 Rxe4 62. Kxe4 Bxf4 63. Kxf4 Kg7 64. Kg5 f6+ 65. exf6+ Kf7 66. h4 e5 0-1

[Event "TUR-ch"]
[Site "Kemer"]
[Date "2011.02.13"]
[Round "10"]
[White "Erturan, Yakup"]
[Black "Deviren, Erdi"]
[Result "1-0"]
[WhiteElo "2367"]
[BlackElo "1857"]
[PlyCount "47"]
[EventDate "2011.02.05"]
[EventType "swiss"]
[EventRounds "10"]
[EventCountry "TUR"]
[SourceTitle "CBM 140 Extra"]
[Source "ChessBase"]
[SourceDate "2011.03.01"]
[SourceVersion "1"]
[SourceVersionDate "2011.03.01"]
[SourceQuality "1"]

1. c4 b6 2. d4 e6 3. Nc3 Bb4 4. Nf3 Bb7 5. Bg5 Ne7 6. e3 0-0 7. Bd3 f5 8. Qc2 d6 9. 0-0-0 Nd7 10. Ne2 d5 11. Nf4 Kf7 12. cxd5 Bxd5 13. Nxd5 exd5 14. Bxf5 Bd6 15. Bxh7 Rh8 16. Bh4 Nf8 17. Bd3 c5 18. dxc5 Rc8 19. Kb1 bxc5 20. Bf5 Rb8 21. Bxe7 Bxe7 22. Ne5+ Kg8 23. Nc6 Qc7 24. Nxb8 1-0

[Event "TUR-ch"]
[Site "Kemer"]
[Date "2011.02.10"]
[Round "7"]
[White "Arat, Ufuk Sezen"]
[Black "Deviren, Erdi"]
[Result "0-1"]
[WhiteElo "2028"]
[BlackElo "1857"]
[PlyCount "60"]
[EventDate "2011.02.05"]
[EventType "swiss"]
[EventRounds "10"]
[EventCountry "TUR"]
[SourceTitle "CBM 140 Extra"]
[Source "ChessBase"]
[SourceDate "2011.03.01"]
[SourceVersion "1"]
[SourceVersionDate "2011.03.01"]
[SourceQuality "1"]

1. e4 d5 2. exd5 Nf6 3. Nf3 Bg4 4. Be2 Nxd5 5. d4 e6 6. 0-0 Be7 7. c4 Nb6 8. Nc3 0-0 9. b3 c5 10. dxc5 Bxc5 11. Bb2 Nc6 12. Ne4 Be7 13. Qc2 Qc7 14. Qc3 f6 15. a3 Rad8 16. h3 Bf5 17. Ng3 Bg6 18. Rad1 Bc5 19. Kh2 e5 20. Qc1 e4 21. Nh4 Nd4 22. Bxd4 Bxd4 23. Nxg6 hxg6 24. b4 Kh8 25. c5 Nc8 26. Qc4 Qe5 27. f4 exf3 28. Bxf3 f5 29. Rfe1 Qf4 30. Bxb7 Bg1+ 0-1

[Event "TUR-ch"]
[Site "Kemer"]
[Date "2011.02.09"]
[Round "6"]
[White "Deviren, Erdi"]
[Black "Kirali, Mehmet"]
[Result "1-0"]
[WhiteElo "1857"]
[BlackElo "2046"]
[PlyCount "97"]
[EventDate "2011.02.05"]
[EventType "swiss"]
[EventRounds "10"]
[EventCountry "TUR"]
[SourceTitle "CBM 140 Extra"]
[Source "ChessBase"]
[SourceDate "2011.03.01"]
[SourceVersion "1"]
[SourceVersionDate "2011.03.01"]
[SourceQuality "1"]

1. e4 e5 2. Nf3 Nc6 3. c3 d5 4. Qa4 Qd6 5. Bb5 Bd7 6. d4 exd4 7. exd5 Qxd5 8. 0-0 Nge7 9. cxd4 0-0-0 10. Nc3 Qh5 11. Be3 a6 12. Bxa6 bxa6 13. Qxa6+ Kb8 14. d5 Bc8 15. Qb5+ Bb7 16. dxc6 Qxb5 17. Nxb5 Nxc6 18. Bf4 Rc8 19. Rad1 Bc5 20. Rd7 Bb6 21. Rxf7 Rhf8 22. Rxf8 Rxf8 23. Bg3 Nb4 24. Nfd4 Nd5 25. Ne6 Re8 26. Nxg7 Re2 27. Rb1 Kc8 28. Nf5 Ba6 29. Nfd4 Re4 30. Rd1 Kb7 31. h3 Ka8 32. f3 Re2 33. Nxc7+ Nxc7 34. Bxc7 Ba7 35. Kh2 Rxb2 36. a4 Rb4 37. Nc6 Rxa4 38. Nxa7 Kxa7 39. Rd7 Bf1 40. Rxh7 Kb7 41. Be5+ Kc6 42. f4 Kd5 43. h4 Ke4 44. h5 Ra6 45. Kg3 Ra3+ 46. Kf2 Bc4 47. h6 Ra2+ 48. Kg1 Bd5 49. Rd7 1-0

[Event "TUR-ch"]
[Site "Kemer"]
[Date "2011.02.05"]
[Round "1"]
[White "Onem, Cem"]
[Black "Deviren, Erdi"]
[Result "0-1"]
[WhiteElo "2036"]
[BlackElo "1857"]
[PlyCount "79"]
[EventDate "2011.02.05"]
[EventType "swiss"]
[EventRounds "10"]
[EventCountry "TUR"]
[SourceTitle "CBM 140 Extra"]
[Source "ChessBase"]
[SourceDate "2011.03.01"]
[SourceVersion "1"]
[SourceVersionDate "2011.03.01"]
[SourceQuality "1"]

1. e4 c5 2. Nf3 d6 3. d4 cxd4 4. Nxd4 Nf6 5. Nc3 a6 6. Be2 e6 7. Be3 Be7 8. 0-0 b5 9. a3 Bb7 10. f3 0-0 11. a4 b4 12. Na2 a5 13. c4 Nbd7 14. Nc1 d5 15. exd5 exd5 16. Nf5 Bc5 17. Bd4 Rc8 18. Nb3 Re8 19. Re1 Bxd4+ 20. Qxd4 Nf8 21. c5 Ne6 22. Qf2 Rc7 23. Nd6 Ree7 24. Nxb7 Rxb7 25. c6 Rb8 26. Bb5 Qc7 27. Rac1 Rbe8 28. Kh1 h6 29. Qg3 Qb6 30. Qd6 Rc7 31. h3 Rd8 32. Qe5 d4 33. Red1 Rd5 34. Qe1 Rc8 35. Qf2 Rd6 36. Rc4 Rcd8 37. Qg1 Ne8 38. f4 f5 39. Qe1 N8c7 40. Qe5 0-1

[Event "World School-ch U13 6th"]
[Site "Kayseri"]
[Date "2010.07.24"]
[Round "4"]
[White "Deviren, Erdi"]
[Black "Cuhendi, Sean Winshand"]
[Result "1/2-1/2"]
[WhiteElo "1830"]
[BlackElo "1722"]
[PlyCount "152"]
[EventDate "2010.07.21"]
[EventType "swiss"]
[EventRounds "9"]
[EventCountry "TUR"]
[SourceTitle "CBM 137 Extra"]
[Source "ChessBase"]
[SourceDate "2010.09.01"]
[SourceVersion "1"]
[SourceVersionDate "2010.09.01"]
[SourceQuality "1"]

1. e4 c5 2. Nf3 e6 3. c3 Nf6 4. e5 Nd5 5. d4 cxd4 6. cxd4 d6 7. Bc4 Nb6 8. Bb3 dxe5 9. Nxe5 N8d7 10. Qe2 Nxe5 11. dxe5 Bd7 12. 0-0 Bc6 13. Nc3 a6 14. Be3 Nd7 15. f4 g6 16. f5 Nc5 17. fxe6 Nxe6 18. Qg4 h5 19. Qh3 Qe7 20. Nd5 Bxd5 21. Bxd5 Bg7 22. Rf2 Rd8 23. Qf3 Rd7 24. Qe4 0-0 25. Raf1 Nc5 26. Qc4 Rxd5 27. Qxd5 Ne6 28. a3 Qc7 29. Rxf7 Rxf7 30. Qxe6 Qd7 31. Qxg6 Rxf1+ 32. Kxf1 Qb5+ 33. Kg1 Qxe5 34. Bf2 Qxb2 35. Qe8+ Bf8 36. Qe6+ Kh7 37. Qf7+ Bg7 38. Qxh5+ Kg8 39. Qd5+ Kh7 40. Qh5+ Kg8 41. Qd5+ Kh7 42. Qd3+ Kh8 43. g4 Qc1+ 44. Kg2 b5 45. h4 Qc6+ 46. Qf3 Qxf3+ 47. Kxf3 a5 48. Be1 b4 49. axb4 a4 50. b5 a3 51. b6 a2 52. b7 a1Q 53. b8Q+ Kh7 54. Qe8 Be5 55. Qf7+ Kh8 56. Qe8+ Kh7 57. Qd7+ Kg8 58. Qd8+ Kh7 59. Qd3+ Kg7 60. Ke2 Qb2+ 61. Bd2 Qb7 62. Qf3 Qe7 63. Bg5 Bf6+ 64. Qe3 Bxg5 65. hxg5 Qd6 66. Qc3+ Kg6 67. Qf6+ Qxf6 68. gxf6 Kxf6 69. Kf3 Kg5 70. Kg3 Kg6 71. Kf4 Kf6 72. g5+ Kg6 73. Kg4 Kg7 74. Kf5 Kf7 75. g6+ Kg7 76. Kg5 Kg8 1/2-1/2

[Event "Antakya op"]
[Site "Antakya"]
[Date "2010.07.17"]
[Round "5"]
[White "Deviren, Erdi"]
[Black "Buyukasik, Diyap"]
[Result "1/2-1/2"]
[WhiteElo "1830"]
[BlackElo "2034"]
[PlyCount "43"]
[EventDate "2010.07.15"]
[EventType "swiss"]
[EventRounds "9"]
[EventCountry "TUR"]
[SourceTitle "CBM 137 Extra"]
[Source "ChessBase"]
[SourceDate "2010.09.01"]
[SourceVersion "1"]
[SourceVersionDate "2010.09.01"]
[SourceQuality "1"]

1. e4 c5 2. Nf3 d6 3. Bb5+ Nd7 4. d4 a6 5. Bxd7+ Bxd7 6. 0-0 cxd4 7. Qxd4 Nf6 8. Bg5 e5 9. Qd3 Be7 10. c4 0-0 11. Nc3 b5 12. Bxf6 Bxf6 13. cxb5 Bxb5 14. Nxb5 axb5 15. Qxb5 Rb8 16. Qd5 Rxb2 17. a4 Qa8 18. Rfd1 Rb4 19. a5 Rxe4 20. a6 Rb4 21. Qxd6 Rg4 22. a7 1/2-1/2